<?xml version="1.0" encoding="UTF-8"?><record xmlns="http://www.loc.gov/MARC21/slim" xmlns:zs="http://docs.oasis-open.org/ns/search-ws/sruResponse">
  <leader>00908cz  a2200205n  4500</leader>
  <controlfield tag="001">n  86032779 </controlfield>
  <controlfield tag="003">DLC</controlfield>
  <controlfield tag="005">20130313090827.0</controlfield>
  <controlfield tag="008">870108n| azannaabn          |a aaa      </controlfield>
  <datafield ind1=" " ind2=" " tag="010">
    <subfield code="a">n  86032779 </subfield>
  </datafield>
  <datafield ind1=" " ind2=" " tag="035">
    <subfield code="a">(OCoLC)oca01765493</subfield>
  </datafield>
  <datafield ind1=" " ind2=" " tag="040">
    <subfield code="a">DLC</subfield>
    <subfield code="b">eng</subfield>
    <subfield code="e">rda</subfield>
    <subfield code="c">DLC</subfield>
    <subfield code="d">OCoLC</subfield>
    <subfield code="d">DLC</subfield>
  </datafield>
  <datafield ind1=" " ind2=" " tag="046">
    <subfield code="f">1882</subfield>
  </datafield>
  <datafield ind1="1" ind2=" " tag="100">
    <subfield code="a">Koch, Richard,</subfield>
    <subfield code="d">1882-</subfield>
  </datafield>
  <datafield ind1="1" ind2=" " tag="400">
    <subfield code="w">nnea</subfield>
    <subfield code="a">Koch, Richard,</subfield>
    <subfield code="d">b. 1882</subfield>
  </datafield>
  <datafield ind1=" " ind2=" " tag="670">
    <subfield code="a">NUCMC data from Leo Baeck Inst. for Goldstein, J. Papers of J. and M. Goldstein, ca. 1850-1943</subfield>
    <subfield code="b">(Richard Koch)</subfield>
  </datafield>
  <datafield ind1=" " ind2=" " tag="670">
    <subfield code="a">Arnsberg, P. Gesch. d. Frankfurter Juden, 1983:</subfield>
    <subfield code="b">v. 2, p. 301 (Dr. Richard Koch; taught hist. of medicine at Univ. Frankf. A.M.)</subfield>
  </datafield>
  <datafield ind1=" " ind2=" " tag="670">
    <subfield code="a">Leo Baeck Inst. Yearbook. General Index, 1982:</subfield>
    <subfield code="b">p. 96 (Koch, Richard; historian of medicine)</subfield>
  </datafield>
  <datafield ind1=" " ind2=" " tag="670">
    <subfield code="a">LC manual auth. cd.</subfield>
    <subfield code="b">(hdg.: Koch, Richard, 1882- )</subfield>
  </datafield>
  <datafield ind1=" " ind2=" " tag="670">
    <subfield code="a">Koch, Richard. Richard Koch und Franz Rosenzweig, c2000:</subfield>
    <subfield code="b">p. 4 cover (d. 1949)</subfield>
  </datafield>
</record>
